FIFA World Cup Finals Results - Sudden Death - Statistics

General Stats
  • This quiz has been taken 69 times
  • The average score is 6 of 16
Answers on the Grid
Answers color-coded by a green-red scale on the quiz's grid according to % correct below.
0-0 (a.e.t.) (2-1 pen.)
1-1 (a.e.t.) (2-1 pen.)
4-0
5-0
2-2 (a.e.t.) (4-3 pen.)
2-0 (a.e.t.)
4-3
4-0
3-2 (a.e.t.)
4-3
5-1
0-0 (a.e.t.) (3-2 pen.)
1-0 (a.e.t.)
1-1 (a.e.t.) (5-3 pen.)
2-0
2-1
2-1 (a.e.t.)
3-0
3-1
3-1 (a.e.t.)
3-2
3-3 (a.e.t.) (4-2 pen.)
4-1
4-2
4-2 (a.e.t.)
5-2
1-0
 
Answer Stats
Answer % Correct
3-3 (a.e.t.) (4-2 pen.)
78%
1-0 (a.e.t.)
67%
1-1 (a.e.t.) (5-3 pen.)
67%
2-0
56%
1-0
56%
3-0
44%
4-2
44%
0-0 (a.e.t.) (3-2 pen.)
33%
2-1
33%
5-2
33%
3-2
22%
2-1 (a.e.t.)
11%
3-1
11%
4-1
11%
4-2 (a.e.t.)
11%
3-1 (a.e.t.)
0%
No matching quizzes found
Score Distribution
Percent of People with Each Score
Percentile by Number Answered
Your Score History
You have not taken this quiz